Nicaragua: el espejismo de la reconciliación /
La firma del protocolo de transición entre el Frente Sandinista y el nuevo gobierno de Violeta Chamorro, estableció el marco de seguridad para la entrega del mando: se aceptó el marco constitucional vigente, se abogó por la desmovilización de la contra y se subordinaron las fuerzas armadas al presid...
Uloženo v:
| Hlavní autor: | |
|---|---|
| Médium: | Text |
| Jazyk: | Spanish |
| Témata: | |
| Tagy: |
Přidat tag
Žádné tagy, Buďte první, kdo vytvoří štítek k tomuto záznamu!
|
MARC
| LEADER | 00000 a a2200000 04500 | ||
|---|---|---|---|
| 001 | 12323 | ||
| 003 | cru IIS | ||
| 005 | 20221017104508.0 | ||
| 008 | 221017b |||||||| |||| 00| 0 spa d | ||
| 040 | |c cru IIS | ||
| 100 | |a García, Sandra | ||
| 245 | |a Nicaragua: |b el espejismo de la reconciliación / |c Sandra García | ||
| 500 | |a Colección Centroamérica | ||
| 520 | |a La firma del protocolo de transición entre el Frente Sandinista y el nuevo gobierno de Violeta Chamorro, estableció el marco de seguridad para la entrega del mando: se aceptó el marco constitucional vigente, se abogó por la desmovilización de la contra y se subordinaron las fuerzas armadas al presidente. Pero la reconciliación nacional no es tan fácil, la poca coerción ideológica del partido gobernante, la Unión Nicaraguense Opositora (UNO), (coalición de 14 partidos), la permanencia de Humberto Ortega, al mando del ejército y de la resistencia nicaraguense con 10 mil hombres armados en territorio nacional, hacen que el llamado a la reconciliación nacional sea casi imposible. AR/JM | ||
| 650 | |a PROBLEMAS POLITICOS | ||
| 650 | |a COMPORTAMIENTO POLITICO | ||
| 650 | |a DEMOCRACIA | ||
| 651 | 0 | |9 1861 |a NICARAGUA | |
| 773 | |g volumen 8, número 70; páginas 20-23 | ||
| 773 | 0 | |0 43109 |9 7807 |a Coordinadora Regional de Investigaciones Económicas y Sociales |d Managua, Nicaragua: CRIES, 1982- |o 22390 |t Pensamiento Propio / | |
| 942 | |2 ddc |c PP | ||
| 999 | |c 22063 |d 22063 | ||
